000 01448nam a2200265Ia 4500
999 _c51610
_d51610
001 18601
003 GE_BSU
005 20210603180132.0
008 181216s2016||||ge |||||||||||||| ||geo||
020 _a9789941947728
040 _cGE_BSU
041 _aGEO
080 _a347.961 გ-61
100 _aგოგოლაძე, მარიკა
_98230
245 _aსანოტარო სამართალი :
_bწიგნი 1 /
_cმარიკა გოგოლაძე, გიორგი მარიამიძე.
250 _a1-ლი გამოცემა
264 _aთბილისი :
_bიურისტების სამყარო,
_c2016.
300 _a330 გვ. ;
_c20 სმ.
490 _aსაქართველოს ნოტარიუსთა პალატა
500 _aწიგნი განკუთვნილია მომავალი და მოქმედი ნოტარიუსებისათვის, სტუდენტებისათვის, ნოტარიუსთა პალატის სტაჟიორებისათვის,ზოგადად იურისტებისათვის
653 _aსამართალი
653 _aსანოტარო სამართალი
700 _aმარიამიძე, გიორგი
_eავტორი
_98231
942 _cBK
_2udc